000 00624nam a2200253Ia 4500
005 20260121154808.0
008 008 260114s9999 xx 000 0 eng d
020 _a9780429299810
037 _aEBOOK
040 _aCRL
040 _beng
040 _cCRL
041 _2eng
041 _aeng
084 _qCRL
100 _a Suzanne Midori Hanna
_91011593
245 4 _aThe Transparent Brain in Couple and Family Therapy
260 _bTaylor and Francis
260 _c2021
856 _uhttp://www.taylorfrancis.com/books/9780429299810
942 _cEBOOK
999 _c1578414
_d1578414